Online Catalogue and eLibrary

Recent politics in Sri Lanka : (Record no. 454)

MARC details
000 -LEADER
fixed length control field 00677cam a2200205 a 4500
001 - CONTROL NUMBER
control field 4257630
005 - DATE AND TIME OF LATEST TRANSACTION
control field 20240221051134.0
008 - FIXED-LENGTH DATA ELEMENTS--GENERAL INFORMATION
fixed length control field 850215s1983 ii a b 001 0 eng
040 ## - CATALOGING SOURCE (பட்டியலாக்க மூலம்)
Original cataloging agency DLC
Transcribing agency DLC
Modifying agency DLC
082 00 - DDC Classification
Class No. 324.
DDC Edition Number 19
Item Number - Author Mark REC.
100 2# - MAIN ENTRY--PERSONAL NAME
Personal name Wiswa Warnapala, W. A.
245 10 - TITLE STATEMENT
Title Recent politics in Sri Lanka :
Remainder of title the presidential election and the referendum of 1982 : a study of electoral practice and behaviour in an Asian democracy /
Statement of responsibility, etc. W.A. Wiswa Warnapala, L. Dias Hewagama.
260 ## - PUBLICATION, DISTRIBUTION, ETC.
Place of publication, distribution, etc. New Delhi :
Name of publisher, distributor, etc. Navrang,
Date of publication, distribution, etc. 1983.
300 ## - PHYSICAL DESCRIPTION
Extent (e.g. Volumes, Pages etc.) xvi, 240 p. :
650 #0 - SUBJECT ADDED ENTRY--TOPICAL TERM
Topical term or geographic name entry element Elections
650 #0 - SUBJECT ADDED ENTRY--TOPICAL TERM
Topical term or geographic name entry element Presidents
650 #0 - SUBJECT ADDED ENTRY--TOPICAL TERM
Topical term or geographic name entry element Referendum
700 2# - ADDED ENTRY--PERSONAL NAME
Personal name Dias Hewagama, L.
Relator term (Role) Editor
942 ## - Koha item type (Biblio)
Koha item type Books in Stacks (Lending)
Holdings
Lost status Damaged status Collection code Home library Current library Date acquired Full call number Accession Number Item type
    Lending WERC Library WERC Library 02/21/2024 324. REC. 1383 Books in Stacks (Lending)

© WERC Library